| 000 | 00754nam a22001577a 4500 | ||
|---|---|---|---|
| 003 | OSt | ||
| 005 | 20150925095255.0 | ||
| 008 | 150925b xxu||||| |||| 00| 0 eng d | ||
| 040 | _cRUA | ||
| 082 | _aAGR SRE 2012 B052 Or.1 | ||
| 100 |
_91307 _aSRENG BUNSOK |
||
| 245 | _aEffect of spraying insecticide to control brown planthopper on natural enemies population in rice ecosystem,(ឥទ្ធិពលនៃការបាញ់ថ្នាំសម្លាប់សត្វមមាចត្នោត លើប្រជាករ សត្វមានប្រយោជន៍ក្នុងប្រព័ន្ធបរិស្ថានដំណាំស្រូវ) | ||
| 260 |
_aphnom penh _bRUA _c2012 |
||
| 300 | _axi, 52p. | ||
| 942 |
_2ddc _cAGR |
||
| 999 |
_c1236 _d1236 |
||